00858 2200217 4500001002100000005001500021035002000036007000300056008004100059020002200100082001100122084001700133100001600150245012200166250001100288260004900299300003400348500023100382650001600613990001100629INLIS00000000000052920171005104851 a0010-1017000083ta171005 f 0 ind  a978-979-22-9354-8 a297.27 a297.27 RIJ u0 aRijal, Agus1 aUtang halal, utang haram :bPanduan berutang dan sekelumit permasalahan dalam syariat islam /cAgus Rijal (Abu Yusuf) acet. 1 aJakarta :bPT. Gramedia Pustaka Utama,c2013 a324 :bilus ;c20,5 x 13,5 cm aBarang siapa yang menghidupkan satu sunnah dari sunnahku, kemudian sunnah itu dilakukan orang lain, maka dia memperoleh pahala (pahala) seperti pahala orang-orang yang mengamalkannya tanpa mengurangi pahala mereka sedikit pun. autang halal a14.575